|
|
|
|
| LEADER |
00000nab a2200000 a 4500 |
| 001 |
vtls000478731 |
| 003 |
SK-MaSNL |
| 005 |
20260304083005.0 |
| 008 |
250424c1993 xo 0 slo |
| 015 |
|
|
|a SNBRB19rr/mm-uuuuu
|
| 035 |
|
|
|a CL0478866
|
| 035 |
|
|
|a urn:nbn:sk:snk-ab2s1o
|
| 035 |
|
|
|a (urnnbn)urn:nbn:sk:snk:ar-a02uy4
|
| 035 |
|
|
|a (uuid)6b06f667-35e2-4def-9d43-6f6d2146f880
|
| 040 |
|
|
|a SNKBUCL
|b slo
|c SNKBUCL
|e AACR2
|
| 041 |
0 |
|
|a slo
|
| 044 |
|
|
|a xo
|c SK
|
| 080 |
|
|
|a 636.03:631.15:65.011.4
|2 1981
|
| 080 |
|
|
|a 631.15:65.011.4
|2 1981
|
| 100 |
1 |
|
|a Slávik, Jozef
|4 aut
|9 692848
|
| 245 |
1 |
0 |
|a Úvahy o poklese úžitkovosti v živočíšnej výrobe
|c Jozef Slávik
|
| 300 |
|
|
|b Tab. 6
|
| 650 |
0 |
7 |
|a hospodárske zvieratá
|2 snkbucl
|9 1097
|
| 655 |
|
7 |
|a články z novín a časopisov
|2 snkbucl
|9 267496
|
| 773 |
0 |
|
|t Agroekonomika
|g Roč. 2, č. 1 (1993), s. 10-13
|x 0323-2670
|
| 850 |
|
|
|a Slovenská národná knižnica
|
| 852 |
|
|
|a Slovenská národná knižnica
|
| 954 |
|
|
|a odborná, vedecká literatúra pôvodná (slovenská)
|2 lita
|
| 958 |
|
|
|a article27
|
| 958 |
|
|
|a OND
|
| 958 |
|
|
|a RK
|
| 958 |
|
|
|a EUIPO
|
| 992 |
|
|
|a RBX
|
| 999 |
|
|
|c 2799021
|d 2800951
|